000 00399nam a2200157Ia 4500
999 _c30170
_d30170
003 OSt
005 20250819122903.0
008 250310s9999||||xx |||||||||||||| ||und||
040 _c.
082 _a823.01
_bJ272
100 _94741
_aJames, Henry
245 0 _aThe short stories of Henry James /
_cHenry James
260 _aNew York :
_bRandom house inc,
_c1945.
300 _a644 p.
942 _cBK
_2ddc